=LDR 00000nam 2200000 4500 =001 INLIS000000000023263 =005 20130612121933 =008 ***********************************Ind** =035 ##$$0010-061300000023263 =041 ##$$a Ind =082 ##$$a 510.07 =090 ##$$a 510.07, Mal-m =100 ##$$a Malik, A =245 ##$$a Matematika, Sekolah Lanjutan Tingkat Pertama (SLTP) Kleas III Caturwulan 1,2,3., Prof. Drs. A. Malik =260 ##$$a 2000 $b Semarang =300 ##$$a viii, 183 hlm., ilus., 26 cm =650 ##$$a Matematika =850 ##$$a NBPNMAT